007670000a22002050004500090001400000245007500014650002300089650002500112650003200137650002400169653001900193653001900212041001300231700003000244100002800274942001300302773004900315999001700364952018000381 aARb0131610aEvolutionary relationships in the family Emballonuridae ()14aEvolución99279714aFilogenética9431014aSistemática animal99296814aMurciélagos92659 fEmballonuridae fRhinopomatidae0 aInglés1 aSarich, Vincent M.9945661 aRobbins, Lynn W.994614 cARTICULO1 tJournal of Mammalogy3106h1q1-13d1988g69 c10401d10401 001040718HEMEROTECAaBogotabBogotad2015-02-27eMuñoz Saba, YanethhFuera de circulaciónl0oAR 01316p011658r2015-03-25 00:00:00t1w2015-03-25xDonaciónyARTICULO